000 00553nam a2200169 4500
999 _c510257
_d510257
008 190808b ||||| |||| 00| 0 eng d
100 _aJamal, Aamir
_97938
245 _aExamining the relationship between economic growth, FDI and trade: VAR and causality analysis
260 _c2019
300 _ap.25-39.
650 _aForeign investment
_97939
650 _aInternational trade
_97940
700 _aBhat, Mudaser Ahad
_97941
773 _aIASSI Quarterly: Contributions to Indian Social Science
906 _aEconomic growth
942 _2ddc
_cAR